000 00418nam a2200157Ia 4500
003 GCL
008 140319s9999 xx 000 0 ara d
040 _aGCL /
_cGCL
082 0 4 _aد
_b050
100 1 _aاحمد حمدى محمود
245 1 0 _aالمدرسةالشاملة (اقرا 441 ) /
_cاحمد حمدى محمود
300 _a131
490 _aاقرأ
_v0
650 0 4 _aالمدارس
942 _2ddc
_cBK
999 _c49063
_d49063